KOHA-Header-6

Behavioral Science (Record no. 12789)

000 -LEADER
fixed length control field 00284nam a22001337a 4500
020 ## - INTERNATIONAL STANDARD BOOK NUMBER
ISBN 9789351296096
082 ## - DEWEY DECIMAL CLASSIFICATION NUMBER
Classification number 616.8900
100 ## - MAIN ENTRY--AUTHOR NAME
Personal name Fadem Barbara
245 ## - TITLE STATEMENT
Title Behavioral Science
250 ## - EDITION STATEMENT
Edition statement 7th
260 ## - PUBLICATION, DISTRIBUTION, ETC. (IMPRINT)
Place of publication India
Name of publisher Wolters kluwer
Year of publication 2017
300 ## - PHYSICAL DESCRIPTION
Number of Pages 362 pages
942 ## - ADDED ENTRY ELEMENTS (KOHA)
Koha item type Books
Holdings
Withdrawn status Lost status Collection code Permanent Location Current Location Shelving location Date acquired Full call number Accession Number Koha item type
    Bio Sciences MAJU MAJU Shelf No.A36 2020-12-03 616.8900 9933 Bio Science

Powered by Koha